| 000 | 00423nam a22001577a 4500 | ||
|---|---|---|---|
| 999 |
_c6162 _d6160 |
||
| 005 | 20210826134632.0 | ||
| 008 | 200318b xxu||||| |||| 00| 0 eng d | ||
| 020 | _a9788123918600 | ||
| 041 | _aeng | ||
| 100 |
_aTANVAR, V S _95303 |
||
| 245 | _aTEXTBOOK OF COMPUTER APPLICATION: IN PHARMACEUTICA SCIENCE AND MANAGEMENT | ||
| 260 |
_aNEW DELHI _bCBS _c2019 |
||
| 300 | _a450;p vii. | ||
| 650 |
_aPHARMACY _96748 |
||
| 942 | _cBK | ||